Normal view MARC view
  • Gréard, Octave,

Entry Nombre Personal

Number of records used in: 1

001 - NUMERO DE CONTROL

  • campo de control: 31074

003 - IDENTIFICADOR DE NUMERO DE CONTROL

  • campo de control: MX-MxUPN

005 - FECHA Y HORA DE LA ÜLTIMA TRANSACCIÓN

  • campo de control: 20240830110910.0

008 - DATOS DE LONGITUD FIJA

  • campo de control de longitud fija: 240830n||acannaabn a aaa |d

010 ## - NÚMERO DE CONTROL DE LA BIBLIOTECA DEL CONGRESO

  • Número de control LC: n 00092105

035 ## - NUMERO DE CONTROL

  • Número de control: UPN11000003180

040 ## - FUENTE DE CATALOGACIÓN

  • Lenguaje de catalogación: spa
  • Agencia de transcripción: DLC
  • Agencia original de catalogación: DLC
  • Agencia que lo modifica: MX-MxUPN

100 1# - ENCABEZAMIENTO - NOMBRE PERSONAL

  • Nombre personal: Gréard, Octave,
  • Fechas asociadas con el nombre: 1828-1904

400 1# - VEÁSE - NOMBRE DE PERSONA

  • Personal name: Gréard, Oct.,
  • Dates associated with a name: 1828-1904

670 ## - FUENTE EN LA QUE SE LOCALIZARON DATOS

  • Cita de la fuente: Autoridades LC, 30 agosto 2024 :
  • Información localizada: (Gréard, Octave, 1828-1904 )
  • Uniform Resource Identifier: https://lccn.loc.gov/n00092105

680 ## - NOTA PUBLICA DE ACCESO PÚBLICO

  • Frase explicativa de la referencia: Educador francés

902 ## - CATALOGADOR

  • Catalogador: CAA/280611
  • Catalogador: MaríaRobles/300824